Software Testing and Quality Assurance (Record no. 12349)
[ view plain ]
| 000 -LEADER | |
|---|---|
| fixed length control field | 00446nam a22001817a 4500 |
| 003 - CONTROL NUMBER IDENTIFIER | |
| control field | OSt |
| 008 - FIXED-LENGTH DATA ELEMENTS--GENERAL INFORMATION | |
| fixed length control field | 240330b |||||||| |||| 00| 0 eng d |
| 020 ## - INTERNATIONAL STANDARD BOOK NUMBER | |
| International Standard Book Number | 9789383992201 |
| 082 ## - DEWEY DECIMAL CLASSIFICATION NUMBER | |
| Classification number | 005.14 ANS |
| 100 ## - MAIN ENTRY--PERSONAL NAME | |
| Personal name | ANAND,Rishabh |
| 245 ## - TITLE STATEMENT | |
| Title | Software Testing and Quality Assurance |
| 250 ## - EDITION STATEMENT | |
| Edition statement | 1st Ed |
| 260 ## - PUBLICATION, DISTRIBUTION, ETC. (IMPRINT) | |
| Place of publication, distribution, etc | New Delhi |
| Name of publisher, distributor, etc | Bhavya Books |
| Date of publication, distribution, etc | 2017 |
| 300 ## - PHYSICAL DESCRIPTION | |
| Extent | 324 |
| 700 ## - ADDED ENTRY--PERSONAL NAME | |
| Personal name | SHEIKH,Tariq Hussain |
| 700 ## - ADDED ENTRY--PERSONAL NAME | |
| Personal name | GUPTA,Deepak |
| 942 ## - ADDED ENTRY ELEMENTS (KOHA) | |
| Source of classification or shelving scheme | Dewey Decimal Classification |
| Koha item type | Reference Books |
| Withdrawn status | Lost status | Source of classification or shelving scheme | Damaged status | Not for loan | Collection code | Home library | Current library | Date acquired | Source of acquisition | Currency | Cost, normal purchase price | Bill Number | Total Checkouts | Full call number | Acc. no. / Barcode | Date last seen | Actual Cost, discounted price | Bill Date | Koha item type | Public note |
|---|---|---|---|---|---|---|---|---|---|---|---|---|---|---|---|---|---|---|---|---|
| Dewey Decimal Classification | B.Tech(CSE) | PIET C-LIBRARY | PIET C-LIBRARY | 13/03/2024 | Pradeep Aggarwal Books | In rupees | 275.00 | 2121 | 005.14 ANS | 35644 | 30/03/2024 | 220.00 | 13/03/2024 | Reference Books | Decentralisation |